000 00898nam a2200277 a 4500
001 000011435
003 OSt
005 20260321073639.0
008 091019t1999 dr r 001 e spa d
020 _z8495119102
040 _aDO-SdBNP
_bspa
_cBNPHU
082 _aRD868.42
_bB742t, 1999
100 1 _a Bosch, Juan,
_d1909-2001
_976555
245 1 0 _aTextos culturales y literarios /
_cJuan Bosch.
250 _a4a ed.
260 _aSanto Domingo :
_bAlfa & Omega,
_c1999.
300 _a268 p. ;
_c21 cm.
504 _aIncluye referencias bibliográficas y notas al pie de páginas.
590 _aInventariado, 2018/BT
650 4 _aCultura
_zRepública Dominicana
_xEnsayos, conferencias, etc.
_927116
650 0 _aLiteratura dominicana.
_967
650 0 _aCuentos dominicanos
_9176
650 0 _aPoesía dominicana
_966
910 _aValidado. Control de calidad. EMS
942 _2ddc
_cLBS1
999 _c11137
_d11137